000 00179nam a22000857a 4500
082 _a894.81286
_bTAP/RA
100 _aRamachandran,M.K
245 _aTapobhoomi Uthrakhand
942 _cBK
999 _c13636
_d13636